Регионална библиотека "Любен Каравелов" - Русе

Ситни дребни като камилчета (Запис номер 207385)

MARC детайли
000 -Лидер
Контролно поле с фиксирана дължина 01191nam a2200301 c 4500
003 - Код на организацията, давaща контролен номер
Контролно поле BLK
005 - Дата и час на последна редакция
Контролно поле 20240305164341.0
008 - Елементи от данни с фиксирана дължина
fixed length control field 180411b bul|||||r ||||||| ||bul||
010 ## - Наследен системен номер
LC control number KNG00217147000
040 ## - Източник на каталожния запис
Идентификатор на билиотеката - собственик на записа BLK
041 ## - Код за език
Код за езика на текст/звукозапис или на отделно заглавие Български
Код за езика КДБФ Български
080 ## - УДК
Текстов определител УДК Българска литература
УДК код - определител по УДК 821.163.2
УДК определител -7
УДК - код + определител 821.163.2-7
100 ## - Редна дума - Автор
Автор Кунев, Трифон
Пълна форма на името Бояджиев, Трифон Кунев
Авторска отговорност първи автор
R(LIN) 385126
139 ## - Редно поле
Редна дума Кунев, Трифон
Авторски знак Ку - К 93
245 10 - Сведения за заглавието
Заглавие Ситни дребни като камилчета
Подзаглавни данни Фейлетони
Редно поле (дума) Трифон Кунев; худож. Генчо Симеонов; с послесл. от Йордан Попов.
257 ## - Страна на издаване
Страна на създаване/издаване България
260 ## - Област на издателските данни
-- София
Име на издателя, разпространителя и проч. Стършел
Година на издаване 1992
300 ## - Физическа характеристика
Страници 142 с.
Илюстрации и др. с ил.
Размери/Мащаб 17 см
380 ## - Жанр
Жанр Худож. лит.
700 1# - Други автори (авторска отговорност)
Лично име Симеонов, Генчо
Автороска отговорност (Описва отношението между автора и произведението) худож.
9 (RLIN) 376995
700 1# - Други автори (авторска отговорност)
Лично име Попов, Йордан
Автороска отговорност (Описва отношението между автора и произведението) с послесл. от
9 (RLIN) 364440
852 ## - Местоположение
Форматна сигнатура Цб І 26033
856 4# - Електронен адрес и достъп
Електронен формат pdf - файл
Път до файла /url/
856 4# - Електронен адрес и достъп
Електронен формат pdf - файл
Път до файла /url/
942 ## - АРТИКУЛИ
Вид на библиотечния материал Книги
Скрит в OPAC Не
Koha issues (borrowed), all copies 1
944 ## - СЪЗДАВАНЕ И РЕДАКЦИЯ на ЗАПИСА
Създаване/Редакция Създаване
Дата на регистрацията/редакция 12.03.2018
Служител, извършил регистрацията/редакцията 30550
Статус, дата на статуса Кети Илиева
944 ## - СЪЗДАВАНЕ И РЕДАКЦИЯ на ЗАПИСА
Създаване/Редакция Редакция
Дата на регистрацията/редакция 12.03.2018
Служител, извършил регистрацията/редакцията Христина_Везирева
999 ## - СИСТЕМНИ КОНТРОЛНИ НОМЕРА
Koha biblionumber 207385
Koha biblioitemnumber 207385
Наличности
Код за отписване Код за изгубен артикул Източник на класификационната схема Код за повреда Коз за рестрикции Код за отдаване Артикулен № Име на библиотеката - собственик Име на библиотеката, в която се намира в момента Статус (Текущо местоположение) Дата на вписване в системата Местоположение - отдел Цена в лева Инвентарен номер Систематично азбучна сигнатура Баркод Номер на екземпляра Цена в евро Служебна бележка Служебен тип на артикула
  Не е изгубен Universal Decimal Classification Не е повреден само за читалня ползва се в читалня 357916 Регионална библиотека "Любен Каравелов" Русе Регионална библиотека "Любен Каравелов" Русе Хранилище 1992-01-01 Хранилище 9.90 573486 Цб І 26033 120000573486 1 5.06 Дост: Dp Вид: Сф N: стар фонд Дата: 01.01.1992 Книги
Изтеглен Не е изгубен   Не е повреден без рестрикции заемане за дома 357917 Регионална библиотека "Любен Каравелов" Русе Регионална библиотека "Любен Каравелов" Русе Заемна - подръчен фонд 1992-01-01 Заемна - подръчен фонд 0.99 576391 П 886.7-7/К 93 576391 2 0.51 Дост: Pk Вид: Сф N: стар фонд Дата: 01.01.1992 Дата инв: 14.03.2018 Бележки инв: П2018 Книги
Изтеглен Не е изгубен Universal Decimal Classification Не е повреден без рестрикции заемане за дома 357918 Регионална библиотека "Любен Каравелов" Русе Регионална библиотека "Любен Каравелов" Русе Заемна - подръчен фонд 1992-01-01 Заемна - подръчен фонд 0.99 576392 П 886.7-7/К 93 576392 3 0.51 Дост: Pk Вид: Сф N: стар фонд Дата: 01.01.1992 Дата инв: 12.03.2018 Бележки инв: П2018 Книги
Изтеглен Не е изгубен Universal Decimal Classification Не е повреден без рестрикции заемане за дома 357919 Регионална библиотека "Любен Каравелов" Русе Регионална библиотека "Любен Каравелов" Русе Заемна - подръчен фонд 1992-01-01 Заемна - подръчен фонд 0.69 576393 П 886.7-7/К 93 576393 4 0.35 Дост: Pk Вид: Сф N: стар фонд Дата: 01.01.1992 Книги
Vip Innovations Ltd, Rousse, Bulgaria 2025